000
00281nam a22001217a 4500
008
131129t xxu||||| |||| 00| 0 eng d
020
_a
81-239-0614-5
040
_a
ASAB
_c
ASAB
100
_a
S.P. Vyas
_9
341
245
_a
Pharmaceutical Biotechnology
300
_a
340
942
_2
ddc
_c
BK
999
_c
16609
_d
16609